<?xml version="1.0" encoding="UTF-8"?>
<record
    xmlns:xsi="http://www.w3.org/2001/XMLSchema-instance"
    xsi:schemaLocation="http://www.loc.gov/MARC21/slim http://www.loc.gov/standards/marcxml/schema/MARC21slim.xsd"
    xmlns="http://www.loc.gov/MARC21/slim">

  <leader>01989nam a22003617a 4500</leader>
  <datafield tag="999" ind1=" " ind2=" ">
    <subfield code="c">22085</subfield>
    <subfield code="d">22085</subfield>
  </datafield>
  <controlfield tag="003">AR-CdUCM</controlfield>
  <controlfield tag="008">190425b           ||||| |||| 00| 0 spa d</controlfield>
  <datafield tag="040" ind1=" " ind2=" ">
    <subfield code="a">MUNICIPALIDAD PROVINCIAL DEL CUSCO</subfield>
    <subfield code="c">BIBLIOTECA MUNICIPAL DEL CUSCO</subfield>
  </datafield>
  <datafield tag="082" ind1=" " ind2=" ">
    <subfield code="a">Parlante/N&#xB0;75/2002</subfield>
  </datafield>
  <datafield tag="110" ind1=" " ind2=" ">
    <subfield code="a">Centro Guam&#xE1;n Poma de Ayala </subfield>
    <subfield code="9">20511</subfield>
  </datafield>
  <datafield tag="245" ind1=" " ind2=" ">
    <subfield code="a">Parlante :</subfield>
    <subfield code="b">Revista del Cusco /</subfield>
  </datafield>
  <datafield tag="260" ind1=" " ind2=" ">
    <subfield code="a">Cusco :</subfield>
    <subfield code="b">Centro de Educaci&#xF3;n y Comunicaci&#xF3;n Guam&#xE1;n Poma de Ayala,</subfield>
    <subfield code="c">2002.</subfield>
  </datafield>
  <datafield tag="300" ind1=" " ind2=" ">
    <subfield code="a">32 p&#xE1;ginas. :</subfield>
    <subfield code="b">ilustraciones ;</subfield>
    <subfield code="c">30 cm.</subfield>
  </datafield>
  <datafield tag="440" ind1=" " ind2=" ">
    <subfield code="a">Parlante revista del Cusco.</subfield>
    <subfield code="n">A&#xF1;o 18, N&#xB0;75, mayo 2002.</subfield>
    <subfield code="9">47393</subfield>
  </datafield>
  <datafield tag="505" ind1=" " ind2=" ">
    <subfield code="a">Contenido: Reconocimiento nuestra diversidad. Hildebrando Castro Pozo. -- Gobiernos locales, Per&#xFA; entre las crisis y las esperanzas: Michel Azcueta. -- Las mesas de concertaci&#xF3;n y los planes de desarrollo. -- Descentralizaci&#xF3;n para generar desarrollo y democratizar. Luis Nieto Degregori. -- La C&#xE1;mara de Comercio y los problemas de nuestra region. -- La fabrica de Lucre. Elena Llosa. -- Encuestas sobre gesti&#xF3;n municipal elecciones, ruidos y derechos del consumidor. --  Recuperaci&#xF3;n el barrio de San Pedro. Giovanna Alfaro. --  Aguas subterr&#xE1;neas contaminadas. Rene Pumayalli. -- Unidas contra la violencia familiar. Luz Marina Monteagudo. -- El se&#xF1;or de las plantas. -- Se hace camino al andar. --  Peor imposible. Miriam Carmona. </subfield>
  </datafield>
  <datafield tag="650" ind1=" " ind2=" ">
    <subfield code="a">Gobiernos locales</subfield>
    <subfield code="9">8462</subfield>
  </datafield>
  <datafield tag="650" ind1=" " ind2=" ">
    <subfield code="a">Descentralizaci&#xF3;n</subfield>
    <subfield code="9">3895</subfield>
  </datafield>
  <datafield tag="650" ind1=" " ind2=" ">
    <subfield code="a">Produccion y recursos</subfield>
    <subfield code="9">47394</subfield>
  </datafield>
  <datafield tag="650" ind1=" " ind2=" ">
    <subfield code="a">Centro Hist&#xF3;rico Cusco</subfield>
    <subfield code="9">46767</subfield>
  </datafield>
  <datafield tag="650" ind1=" " ind2=" ">
    <subfield code="a">Medio ambiente</subfield>
    <subfield code="9">47395</subfield>
  </datafield>
  <datafield tag="650" ind1=" " ind2=" ">
    <subfield code="a">Cultura</subfield>
    <subfield code="9">126</subfield>
  </datafield>
  <datafield tag="650" ind1=" " ind2=" ">
    <subfield code="a">Educaci&#xF3;n</subfield>
    <subfield code="9">460</subfield>
  </datafield>
  <datafield tag="650" ind1=" " ind2=" ">
    <subfield code="a">Deportes</subfield>
    <subfield code="9">13763</subfield>
  </datafield>
  <datafield tag="700" ind1=" " ind2=" ">
    <subfield code="a">Castro Pozo, Hildebrando</subfield>
    <subfield code="9">11592</subfield>
  </datafield>
  <datafield tag="700" ind1=" " ind2=" ">
    <subfield code="a">Nieto Degregori, Luis</subfield>
    <subfield code="9">6534</subfield>
  </datafield>
  <datafield tag="700" ind1=" " ind2=" ">
    <subfield code="a">Llosa, Eleana</subfield>
    <subfield code="9">9431</subfield>
  </datafield>
  <datafield tag="700" ind1=" " ind2=" ">
    <subfield code="a">Alfaro, Giovanna</subfield>
    <subfield code="9">47396</subfield>
  </datafield>
  <datafield tag="700" ind1=" " ind2=" ">
    <subfield code="a">Pumayalli, Rene</subfield>
    <subfield code="9">47397</subfield>
  </datafield>
  <datafield tag="700" ind1=" " ind2=" ">
    <subfield code="a">Monteagudo, Luz Marina</subfield>
    <subfield code="9">47398</subfield>
  </datafield>
  <datafield tag="710" ind1=" " ind2=" ">
    <subfield code="a">Centro Guam&#xE1;n Poma de Ayala</subfield>
    <subfield code="9">20511</subfield>
  </datafield>
  <datafield tag="942" ind1=" " ind2=" ">
    <subfield code="2">ddc</subfield>
    <subfield code="c">PP</subfield>
  </datafield>
  <datafield tag="945" ind1=" " ind2=" ">
    <subfield code="a">vhl</subfield>
  </datafield>
  <datafield tag="952" ind1=" " ind2=" ">
    <subfield code="0">0</subfield>
    <subfield code="2">ddc</subfield>
    <subfield code="4">0</subfield>
    <subfield code="7">0</subfield>
    <subfield code="a">HEM</subfield>
    <subfield code="b">HEM</subfield>
    <subfield code="c">CART</subfield>
    <subfield code="d">2022-03-03</subfield>
    <subfield code="g">5.00</subfield>
    <subfield code="o">Parlante/N&#xB0;75/2002</subfield>
    <subfield code="p">REVC000746</subfield>
    <subfield code="r">2022-03-03</subfield>
    <subfield code="y">PP</subfield>
  </datafield>
</record>
